Statistics for Busch Gardens Williamsburg Coasters 2018

Click here to take the quiz!

General Stats

  • This quiz has been taken 28 times
  • The average score is 7 of 8

Answer Stats

Answer% Correct
Loch Ness Monster
100%
Alpengeist
92%
Griffon
88%
Verbolten
88%
Apollo's Chariot
84%
InvadR
76%
Tempesto
72%
Grover's Alpine Express
56%

Score Distribution

Percentile by Number Answered

Percent of People with Each Score

Your Score History

You have not taken this quiz